| 000 | 00511nam a22001937a 4500 | ||
|---|---|---|---|
| 003 | OSt | ||
| 005 | 20240619130121.0 | ||
| 008 | 240619b |||||||| |||| 00| 0 eng d | ||
| 020 | _a9780321847812 | ||
| 040 | _cmust | ||
| 082 | _a537.6 GRI 2013 | ||
| 100 |
_aGriffiths,David J. _97369 |
||
| 245 |
_aIntroduction to electrodynamics/ _cDavid J. Griffiths. |
||
| 260 |
_aBoston: _bPeason; _cc2013. |
||
| 300 |
_axviii,599p.: _bill; _c23cm. |
||
| 504 | _aincludes index | ||
| 600 | _2physics | ||
| 942 |
_2ddc _cO_SHELF |
||
| 999 |
_c8665 _d8665 |
||